00383 a2200109 450000100060000008200120000610000850001824501120010326000260021530000100024150000220025192218 aPR 2493 aAhsan Naveed, Qasim Qureshi and Afaq Ahmad; Prof Peof Farooq Bin Akram (Advisor) aDesign, Fabricate and Fly an Unmanned Aerial Vehicle for National and International competitionsh78 "A" EC aIslamabadbNUSTc2015 a115p. aBE Project Report